000 00443nam a2200181Ia 4500
008 090124s9999 xx 000 0 und d
082 _b130575
100 _aअनघा
245 _a स्वप्नगंधा
250 _a1
260 _c1997
300 _a64
600 _aअनघा
630 _a स्वप्नगंधा
700 _aअनघा
730 _a स्वप्नगंधा
942 _cBOOK
999 _c176664
_d176664